000 00491nam a2200181Ia 4500
001 19808
005 20260306172720.0
008 260306t2020||||xx |||||||||||||| ||spa||
041 _aESP
082 _a341.1
_bP45M
100 _aPérez Collados, José María,
_eAUT
245 0 _aManeras de construir la historia :
_bla filosofía de los historiadores del derecho
260 _c2020
300 _a227 páginas :
_c24 cm.
650 _aGEN
654 _aCDE
942 _cLIB
_dJUS
_fJUS
_2ddc
_n
999 _c19808
_d19808